000 00479nam a2200169Ia 4500
008 090711s9999 xx 000 0 und d
082 _b45378
100 _aसाळगांवकर शशिकला
245 _aकाटशह
260 _c1982
300 _a152
600 _aसाळगांवकर शशिकला
630 _aकाटशह
700 _aसाळगांवकर शशिकला
730 _aकाटशह
942 _cBOOK
999 _c297798
_d297798